[Event "31st Klatovy A 2025"]
[Site "Klatovy CZE"]
[Date "2025.07.02"]
[Round "5.18"]
[White "Verner, Matej"]
[Black "Petrasek, Jiri"]
[Result "0-1"]
[WhiteElo "2143"]
[BlackElo "1919"]
[PlyCount "74"]
[EventDate "2025.06.28"]
[EventType "swiss"]
[EventRounds "9"]
[EventCountry "CZE"]

1. e4 {[%emt 0:00:02]} c5 {[%emt 0:00:05]} 2. Nf3 {[%emt 0:00:03]} d6 {[%emt 0:00:23]} 3. d4 {[%emt 0:00:04]} cxd4 {[%emt 0:00:17]} 4. Nxd4 {[%emt 0:00:02]} Nf6 {[%emt 0:00:08]} 5. Nc3 {[%emt 0:00:02]} g6 {[%emt 0:00:30]} 6. Be3 {[%emt 0:00:02]} Bg7 {[%emt 0:00:22]} 7. f3 O-O {[%emt 0:00:54]} 8. Qd2 {[%emt 0:00:08]} Nc6 {[%emt 0:01:45]} 9. Bc4 {[%emt 0:00:02]} Bd7 {[%emt 0:05:39]} 10. O-O-O {[%emt 0:00:03]} Rc8 {[%emt 0:04:50]} 11. Nxc6 {[%emt 0:00:27]} Bxc6 {[%emt 0:00:50]} 12. Bb3 {[%emt 0:00:15]} Qa5 {[%emt 0:12:34]} 13. Kb1 {[%emt 0:03:05]} Rfe8 {[%emt 0:00:29]} 14. Bd4 {[%emt 0:02:26]} Nh5 {[%emt 0:07:40]} 15. Bxg7 {[%emt 0:02:40]} Nxg7 {[%emt 0:00:28]} 16. h4 {[%emt 0:01:53]} h5 {[%emt 0:15:08]} 17. Qh6 {[%emt 0:00:50]} e6 {[%emt 0:00:58]} 18. Rxd6 {[%emt 0:00:38]} Rcd8 {[%emt 0:03:09]} 19. Rhd1 {[%emt 0:00:49]} Rxd6 {[%emt 0:02:55]} 20. Rxd6 {[%emt 0:00:04]} Rd8 {[%emt 0:00:39]} 21. Qd2 {[%emt 0:03:24]} Rxd6 {[%emt 0:02:00]} 22. Qxd6 {[%emt 0:00:01]} Qb6 {[%emt 0:01:03]} 23. a3 {[%emt 0:07:50]} Qg1+ {[%emt 0:05:45]} 24. Ka2 Qxg2 {[%emt 0:00:15]} 25. Qd8+ {[%emt 0:00:06]} Kh7 {[%emt 0:01:03]} 26. Qf6 {[%emt 0:00:05]} Kg8 {[%emt 0:01:55]} 27. Qf4 {[%emt 0:44:49]} a5 {[%emt 0:07:05]} 28. a4 {[%emt 0:02:19]} Qf1 {[%emt 0:02:38]} 29. Nb1 {[%emt 0:03:57]} Ne8 {[%emt 0:13:21]} 30. Na3 {[%emt 0:00:56]} Kg7 {[%emt 0:03:23]} 31. Bc4 {[%emt 0:13:37]} Qd1 {[%emt 0:01:50]} 32. b3 {[%emt 0:00:57]} Nf6 {[%emt 0:07:25]} 33. Bd3 {[%emt 0:01:03]} e5 {[%emt 0:04:34]} 34. Qe3 {[%emt 0:04:07]} Qh1 {[%emt 0:04:15]} 35. Qf2 {[%emt 0:01:08]} Bxe4 {[%emt 0:15:13]} 36. fxe4 {[%emt 0:01:02]} Nxe4 {[%emt 0:00:10]} 37. Qe3 {[%emt 0:03:10]} Nc3+ {[%emt 0:00:55]} 0-1

[Event "31st Klatovy A 2025"]
[Site "Klatovy CZE"]
[Date "2025.07.02"]
[Round "5.19"]
[White "Slivova, Linda"]
[Black "Pokorny, Jiri 2007"]
[Result "1-0"]
[WhiteElo "1862"]
[BlackElo "2122"]
[PlyCount "115"]
[EventDate "2025.06.28"]
[EventType "swiss"]
[EventRounds "9"]
[EventCountry "CZE"]

1. d4 Nf6 2. Nf3 d5 3. Bf4 c5 4. e3 Nc6 5. Nbd2 Qb6 6. dxc5 Qxb2 7. Rb1 Qc3 8. Bb5 Bd7 9. O-O Qxc5 10. c4 a6 11. Ba4 dxc4 12. Rxb7 Rd8 13. Rc7 Qd5 14. Qc1 e5 15. Nxc4 exf4 16. Rd1 fxe3 17. Rxd5 exf2+ 18. Kxf2 Nxd5 19. Rxc6 Nb4 20. Qe3+ Be7 21. Rd6 Bxa4 22. Rxd8+ Kxd8 23. Qb6+ Kc8 24. Nd6+ Bxd6 25. Qxd6 Nc6 26. Qf4 Bb5 27. Qxf7 Rd8 28. Qxg7 Rd7 29. Qg4 Kc7 30. a4 Bd3 31. Qf4+ Kb7 32. Ne5 Nxe5 33. Qxe5 Bg6 34. h4 Rf7+ 35. Ke3 Rc7 36. h5 Bc2 37. a5 Ba4 38. g4 Bb5 39. g5 Bc4 40. g6 hxg6 41. hxg6 Rc6 42. Qg5 Rc8 43. g7 Bg8 44. Qf6 Rc6 45. Qd8 Bc4 46. Kd4 Be6 47. Qe7+ Kb8 48. Qd8+ Kb7 49. g8=Q Bxg8 50. Qxg8 Rc8 51. Qb3+ Ka8 52. Qb6 Rc4+ 53. Kd5 Rc7 54. Qxa6+ Kb8 55. Qd6 Kc8 56. a6 Rc1 57. Qf8+ Kc7 58. Qf4+ 1-0

[Event "31st Klatovy A 2025"]
[Site "Klatovy CZE"]
[Date "2025.07.02"]
[Round "5.20"]
[White "Slansky, Jachym"]
[Black "Krivka, Matej"]
[Result "1/2-1/2"]
[WhiteElo "1878"]
[BlackElo "2000"]
[PlyCount "76"]
[EventDate "2025.06.28"]
[EventType "swiss"]
[EventRounds "9"]
[EventCountry "CZE"]

1. d4 Nf6 2. c4 g6 3. Nc3 Bg7 4. e4 d6 5. f4 O-O 6. Nf3 e5 7. fxe5 dxe5 8. d5 Na6 9. Bd3 Nc5 10. Bc2 a5 11. O-O Ne8 12. Be3 b6 13. Qe2 Qe7 14. Nd2 Bd7 15. Rf2 h6 16. Bxc5 Qxc5 17. Nb3 Qe7 18. a4 f5 19. exf5 gxf5 20. Rd1 Qg5 21. c5 Nf6 22. c6 Be8 23. Rxf5 Qh4 24. h3 Bg6 25. Rxe5 Ng4 26. hxg4 Bxe5 27. Qxe5 Bxc2 28. Nd4 Bxd1 29. Ne4 Bxg4 30. Ne6 Bxe6 31. Qxe6+ Rf7 32. d6 cxd6 33. c7 Qe1+ 34. Kh2 Qh4+ 35. Kg1 Qe1+ 36. Kh2 Qh4+ 37. Kg1 Qe1+ 38. Kh2 Qh4+ 1/2-1/2

[Event "31st Klatovy A 2025"]
[Site "Klatovy CZE"]
[Date "2025.07.02"]
[Round "5.21"]
[White "Bubela, Alexander Georg"]
[Black "Strnad, Jakub"]
[Result "0-1"]
[WhiteElo "1806"]
[BlackElo "1993"]
[PlyCount "64"]
[EventDate "2025.06.28"]
[EventType "swiss"]
[EventRounds "9"]
[EventCountry "CZE"]

1. d4 d5 2. c4 e6 3. Nc3 Nf6 4. cxd5 exd5 5. Bg5 Nbd7 6. e3 c6 7. Bd3 Be7 8. Nf3 O-O 9. O-O Re8 10. Qc2 Nf8 11. h3 Ne4 12. Bxe7 Qxe7 13. a3 Ng6 14. Bxe4 dxe4 15. Nd2 f5 16. b4 Be6 17. Rfc1 Rac8 18. Nb3 b6 19. Rab1 Qg5 20. Ne2 f4 21. Nxf4 Nxf4 22. exf4 Qxf4 23. Qd2 Qxd2 24. Nxd2 Bf5 25. Nc4 e3 26. Rb2 e2 27. Re1 Red8 28. Rd2 c5 29. Ne3 Rxd4 30. Nxf5 Rxd2 31. Ne7+ Kf7 32. Nxc8 Rd1 0-1

[Event "31st Klatovy A 2025"]
[Site "Klatovy CZE"]
[Date "2025.07.02"]
[Round "5.22"]
[White "Rudlof, Adam"]
[Black "Gernert, Tomas"]
[Result "1-0"]
[WhiteElo "1992"]
[BlackElo "1794"]
[PlyCount "81"]
[EventDate "2025.06.28"]
[EventType "swiss"]
[EventRounds "9"]
[EventCountry "CZE"]

1. e4 c6 2. Nc3 d5 3. Nf3 dxe4 4. Nxe4 Nd7 5. Bc4 Ndf6 6. Ng3 Nh6 7. d4 Nf5 8. Ne5 Nd6 9. Bd3 g6 10. O-O Bg7 11. c3 O-O 12. Qc2 Be6 13. f4 a6 14. f5 Bc8 15. fxg6 hxg6 16. h4 Nb5 17. Qe2 Nxd4 18. cxd4 Qxd4+ 19. Rf2 Qxh4 20. Nf1 Ng4 21. Nxg4 Bxg4 22. Qe4 Rad8 23. Be3 e5 24. Bc4 Qh5 25. Bc5 Bf5 26. Qe3 Rfe8 27. Ng3 Qg4 28. Be2 Qh4 29. Nxf5 gxf5 30. Rxf5 Bh6 31. Qb3 Rd7 32. Raf1 Bf4 33. Rh5 Qf6 34. Qh3 Rd2 35. Qg4+ Qg6 36. Rxf4 exf4 37. Rg5 Rexe2 38. Rxg6+ fxg6 39. Qxg6+ Kh8 40. Bd4+ Rxd4 41. Qh5+ 1-0

[Event "31st Klatovy A 2025"]
[Site "Klatovy CZE"]
[Date "2025.07.02"]
[Round "5.23"]
[White "Vo, Daniel"]
[Black "Richter, Martin 1969"]
[Result "0-1"]
[WhiteElo "1834"]
[BlackElo "1928"]
[PlyCount "94"]
[EventDate "2025.06.28"]
[EventType "swiss"]
[EventRounds "9"]
[EventCountry "CZE"]

1. e4 e6 2. d4 d5 3. Nc3 Bb4 4. Nge2 c5 5. a3 Bxc3+ 6. Nxc3 dxe4 7. dxc5 Qxd1+ 8. Kxd1 Nf6 9. Nb5 Na6 10. Nd6+ Ke7 11. b4 Nc7 12. Bg5 Rd8 13. Kc1 a5 14. Rb1 axb4 15. axb4 h6 16. Bxf6+ gxf6 17. Nxe4 Rd4 18. f3 Rd8 19. Bc4 f5 20. Nd6 Ne8 21. Nxe8 Rxe8 22. Rd1 Rd8 23. Rxd8 Kxd8 24. Kb2 Bd7 25. Rd1 Kc7 26. Kc3 Rg8 27. Rd2 Re8 28. b5 Re7 29. b6+ Kc8 30. f4 Bc6 31. g3 Rd7 32. Rd3 Be4 33. Rxd7 Kxd7 34. Bb5+ Bc6 35. Kc4 f6 36. Bxc6+ Kxc6 37. Kd4 h5 38. c3 Kb5 39. h3 Kc6 40. Kc4 e5 41. h4 e4 42. Kd4 Kb5 43. Kd5 e3 44. c4+ Ka6 45. Kd6 e2 46. c6 bxc6 47. Kc7 e1=Q 0-1

[Event "31st Klatovy A 2025"]
[Site "Klatovy CZE"]
[Date "2025.07.02"]
[Round "5.24"]
[White "Lieber, Lukas"]
[Black "Bobrakov Timoskin, Alexandr 1978"]
[Result "1-0"]
[WhiteElo "1925"]
[BlackElo "1868"]
[PlyCount "65"]
[EventDate "2025.06.28"]
[EventType "swiss"]
[EventRounds "9"]
[EventCountry "CZE"]

1. e4 c5 2. Nc3 Nc6 3. Bb5 d6 4. Bxc6+ bxc6 5. d3 g6 6. f4 Bg7 7. Nf3 Bg4 8. h3 Bxf3 9. Qxf3 Qb6 10. O-O e6 11. f5 Nf6 12. fxg6 fxg6 13. e5 dxe5 14. Qg3 O-O 15. Qxe5 Kh8 16. Bh6 Bxh6 17. Rxf6 Rxf6 18. Qxf6+ Bg7 19. Qf4 Rf8 20. Qc1 Qb8 21. Rb1 Bd4+ 22. Kh1 Rf2 23. Ne4 Rf4 24. c3 Be5 25. Nxc5 Rf2 26. Nd7 Qd6 27. Qe3 Bg3 28. Nc5 Qf4 29. Qxf4 Bxf4 30. d4 e5 31. dxe5 Bxe5 32. Re1 Bd6 33. Ne4 1-0

[Event "31st Klatovy A 2025"]
[Site "Klatovy CZE"]
[Date "2025.07.02"]
[Round "5.25"]
[White "Rezac, Jindrich"]
[Black "Vysinsky, Otakar"]
[Result "0-1"]
[WhiteElo "1849"]
[BlackElo "2116"]
[PlyCount "82"]
[EventDate "2025.06.28"]
[EventType "swiss"]
[EventRounds "9"]
[EventCountry "CZE"]

1. c4 e5 2. g3 g6 3. Bg2 Bg7 4. Nc3 d6 5. e3 c5 6. Nge2 Nc6 7. O-O Nge7 8. d3 O-O 9. e4 Rb8 10. Be3 a6 11. a4 Nd4 12. Nd5 b5 13. b3 Nxe2+ 14. Qxe2 Nxd5 15. cxd5 f5 16. f3 Bd7 17. axb5 Bxb5 18. Rfb1 Rf7 19. b4 cxb4 20. Rxb4 Rc7 21. Qd2 Qf8 22. Rc1 Rxc1+ 23. Qxc1 Bxd3 24. Qb2 Rxb4 25. Qxb4 fxe4 26. fxe4 Bh6 27. Bf2 Qc8 28. h3 Qc1+ 29. Kh2 Qd2 30. Qb8+ Bf8 31. Qb6 Qe2 32. Qe3 Kf7 33. Bf3 Qxe3 34. Bxe3 Be7 35. Kg2 Bd8 36. Kf2 a5 37. Bc1 Bb6+ 38. Be3 Bd4 39. Bxd4 exd4 40. Ke1 a4 41. Kd2 a3 0-1

[Event "31st Klatovy A 2025"]
[Site "Klatovy CZE"]
[Date "2025.07.02"]
[Round "5.26"]
[White "Honcharov, Makar"]
[Black "Hronik, Petr 1980"]
[Result "1-0"]
[WhiteElo "2099"]
[BlackElo "1905"]
[PlyCount "69"]
[EventDate "2025.06.28"]
[EventType "swiss"]
[EventRounds "9"]
[EventCountry "CZE"]

1. e4 e5 2. Nf3 Nf6 3. Nxe5 d6 4. Nd3 Nxe4 5. Nc3 Nf6 6. g3 Bg4 7. f3 Bf5 8. Nf2 c6 9. Bg2 Nbd7 10. O-O Be7 11. f4 h5 12. Re1 O-O 13. h3 Nb6 14. d3 Qd7 15. a4 d5 16. Be3 Bb4 17. Bd4 Qd8 18. g4 hxg4 19. hxg4 Nxg4 20. Nxg4 c5 21. Ne3 cxd4 22. Nxf5 Qf6 23. Re5 dxc3 24. bxc3 Bd6 25. Nxd6 Qxd6 26. a5 f6 27. Rf5 g6 28. Qg4 Kf7 29. axb6 gxf5 30. Qxf5 Qxb6+ 31. Kf1 Rh8 32. Bxd5+ Kg7 33. Qd7+ Kh6 34. Qh3+ Kg7 35. Qg4+ 1-0

[Event "31st Klatovy A 2025"]
[Site "Klatovy CZE"]
[Date "2025.07.02"]
[Round "5.27"]
[White "Chmelik, Ladislav"]
[Black "Mrazik, Marek"]
[Result "0-1"]
[WhiteElo "1816"]
[BlackElo "1854"]
[PlyCount "68"]
[EventDate "2025.06.28"]
[EventType "swiss"]
[EventRounds "9"]
[EventCountry "CZE"]

1. c4 e5 2. Nc3 Nf6 3. g3 Bb4 4. Bg2 O-O 5. Nf3 Nc6 6. a3 Bxc3 7. dxc3 d6 8. O-O Be6 9. b3 h6 10. Nd2 Qd7 11. Ne4 Nxe4 12. Bxe4 f5 13. Bd5 Kh8 14. Ra2 Rae8 15. e4 f4 16. Bxe6 Qxe6 17. f3 Ne7 18. Rg2 c6 19. gxf4 exf4 20. Qd4 Qf6 21. Qxa7 d5 22. cxd5 cxd5 23. Qd4 dxe4 24. fxe4 f3 25. Rgf2 Qg6+ 26. Kh1 Nc6 27. Qd7 Re7 28. Qh3 Ne5 29. Qh4 Ref7 30. Rg1 Qe6 31. Qg3 Nd3 32. Rxf3 Qxe4 33. Bxh6 gxh6 34. Rg2 Qxf3 0-1

[Event "31st Klatovy A 2025"]
[Site "Klatovy CZE"]
[Date "2025.07.02"]
[Round "5.28"]
[White "Feierfeil, Jiri"]
[Black "Paldus, Jan"]
[Result "0-1"]
[WhiteElo "1738"]
[BlackElo "1761"]
[PlyCount "76"]
[EventDate "2025.06.28"]
[EventType "swiss"]
[EventRounds "9"]
[EventCountry "CZE"]

1. d4 d5 2. c4 e6 3. Nc3 Nf6 4. Nf3 Be7 5. e3 Nbd7 6. Be2 O-O 7. O-O dxc4 8. Bxc4 c5 9. Qe2 Nb6 10. Bb3 Qc7 11. Bd2 Bd7 12. Rac1 c4 13. Bc2 Nbd5 14. Ne5 Nxc3 15. Bxc3 b5 16. a3 Bc6 17. Nxc6 Qxc6 18. e4 a5 19. Rfd1 Rfd8 20. Qe1 Qb6 21. d5 exd5 22. exd5 Bc5 23. d6 Rxd6 24. Rxd6 Qxd6 25. Bxf6 Qxf6 26. Qe4 Qxf2+ 27. Kh1 Rd8 28. Qxh7+ Kf8 29. Qh8+ Ke7 30. Qxg7 Bd4 31. Qh7 Bxb2 32. Qe4+ Kf8 33. Re1 Bxa3 34. Qe5 f6 35. Qe4 Bb4 36. Rb1 Re8 37. Qxe8+ Kxe8 38. Bg6+ Kf8 0-1

[Event "31st Klatovy A 2025"]
[Site "Klatovy CZE"]
[Date "2025.07.02"]
[Round "5.29"]
[White "Hrckova, Anna"]
[Black "Mojzisova, Barbora"]
[Result "1-0"]
[WhiteElo "1728"]
[BlackElo "1757"]
[PlyCount "163"]
[EventDate "2025.06.28"]
[EventType "swiss"]
[EventRounds "9"]
[EventCountry "CZE"]

1. e4 c6 2. d4 d5 3. exd5 cxd5 4. Bd3 Nc6 5. c3 Nf6 6. h3 g6 7. Qc2 Bg7 8. Nf3 O-O 9. O-O Re8 10. Re1 Qc7 11. Bg5 Nh5 12. Qd2 Bf5 13. Bxf5 gxf5 14. Bh6 Qd6 15. Bxg7 Nxg7 16. Na3 a6 17. Nc2 Qg6 18. Ne3 e6 19. b3 b5 20. Rac1 Nh5 21. c4 f4 22. Ng4 bxc4 23. bxc4 Ne7 24. c5 Kh8 25. Kh2 Rg8 26. Rg1 Rg7 27. Nge5 Qf5 28. c6 Ng6 29. c7 Rc8 30. Nd7 f6 31. Nb8 Rgxc7 32. Nxa6 Rc2 33. Rxc2 Qxc2 34. Nb4 Qa4 35. Ne1 Ng7 36. Ned3 Nf5 37. Nc5 Qe8 38. Re1 e5 39. Nxd5 Nxd4 40. Nxf6 Qc6 41. Nfe4 Nh4 42. Qd3 Qg6 43. Rg1 Rg8 44. Nd2 Qxd3 45. Nxd3 Ne2 46. Re1 Rxg2+ 47. Kh1 f3 48. Nxf3 Nxf3 49. Kxg2 Nxe1+ 50. Nxe1 Nc3 51. a3 Kg7 52. Kf3 Kg6 53. Ng2 Kg5 54. Ke3 e4 55. a4 Nxa4 56. Kxe4 Nc5+ 57. Kd4 Ne6+ 58. Ke5 Nd8 59. f4+ Kg6 60. Nh4+ Kf7 61. Kf5 Ne6 62. Nf3 Ng7+ 63. Ke5 h6 64. Nd4 h5 65. h4 Ne8 66. Nf5 Nf6 67. Ng3 Kg6 68. Ke6 Kg7 69. f5 Ng4 70. Nxh5+ Kh6 71. Ng3 Kg7 72. h5 Kh7 73. f6 Nxf6 74. Kxf6 Kh6 75. Kf7 Kh7 76. Nf5 Kh8 77. Kg6 Kg8 78. h6 Kh8 79. Ne3 Kg8 80. Ng4 Kh8 81. Ne5 Kg8 82. Nf7 1-0

[Event "31st Klatovy A 2025"]
[Site "Klatovy CZE"]
[Date "2025.07.04"]
[Round "7.1"]
[White "Straka, Vojtech"]
[Black "Janous, Marek"]
[Result "1/2-1/2"]
[WhiteElo "2425"]
[BlackElo "2220"]
[PlyCount "64"]
[EventDate "2025.06.28"]
[EventType "swiss"]
[EventRounds "9"]
[EventCountry "CZE"]

1. d4 {[%emt 0:00:02]} d5 {[%emt 0:01:24]} 2. c4 {[%emt 0:00:36]} e6 {[%emt 0:00:06]} 3. Nc3 {[%emt 0:00:11]} c5 {[%emt 0:00:46]} 4. e3 {[%emt 0:02:30]} Nf6 {[%emt 0:02:35]} 5. Nf3 {[%emt 0:00:26]} a6 {[%emt 0:00:29]} 6. cxd5 {[%emt 0:00:08]} exd5 {[%emt 0:00:07]} 7. Be2 {[%emt 0:01:13]} Nc6 {[%emt 0:00:08]} 8. O-O {[%emt 0:00:17]} Bd6 {[%emt 0:00:54]} 9. dxc5 {[%emt 0:02:59]} Bxc5 {[%emt 0:00:41]} 10. b3 {[%emt 0:01:32]} O-O {[%emt 0:01:24]} 11. Bb2 {[%emt 0:00:06]} Re8 {[%emt 0:01:06]} 12. Rc1 {[%emt 0:08:51]} Ba7 {[%emt 0:00:32]} 13. Qd3 {[%emt 0:13:52]} d4 {[%emt 0:14:17]} 14. exd4 {[%emt 0:02:01]} Nxd4 {[%emt 0:00:13]} 15. Nxd4 {[%emt 0:00:13]} Qxd4 {[%emt 0:00:18]} 16. Qxd4 {[%emt 0:00:36]} Bxd4 {[%emt 0:00:09]} 17. Bf3 {[%emt 0:00:13]} Rb8 {[%emt 0:09:00]} 18. Rfd1 {[%emt 0:17:12]} Be5 {[%emt 0:06:51]} 19. Na4 {[%emt 0:01:02]} Bxb2 {[%emt 0:03:23]} 20. Nxb2 {[%emt 0:00:17]} Bg4 {[%emt 0:18:50]} 21. Bxg4 {[%emt 0:04:50]} Nxg4 {[%emt 0:00:06]} 22. h3 {[%emt 0:00:09]} Nf6 {[%emt 0:00:27]} 23. Nc4 {[%emt 0:08:40]} h6 {[%emt 0:04:03]} 24. a4 {[%emt 0:15:41]} b6 {[%emt 0:08:45]} 25. Rd6 {[%emt 0:04:38]} b5 {[%emt 0:02:29]} 26. Ne3 {[%emt 0:01:45]} a5 {[%emt 0:06:55]} 27. Ra6 {[%emt 0:05:13]} bxa4 {[%emt 0:03:01]} 28. bxa4 {[%emt 0:01:04]} Ra8 {[%emt 0:06:43]} 29. Rxa8 {[%emt 0:17:53]} Rxa8 {[%emt 0:00:06]} 30. Rc5 {[%emt 0:00:16]} Ne4 {[%emt 0:03:21]} 31. Re5 {[%emt 0:02:52]} Nc3 {[%emt 0:00:18]} 32. Nc4 {[%emt 0:00:06]} Nxa4 {[%emt 0:00:07]} 1/2-1/2

[Event "31st Klatovy A 2025"]
[Site "Klatovy CZE"]
[Date "2025.07.04"]
[Round "7.2"]
[White "Slovak, Kilian"]
[Black "Jun, Rudolf"]
[Result "1/2-1/2"]
[WhiteElo "2349"]
[BlackElo "2279"]
[PlyCount "80"]
[EventDate "2025.06.28"]
[EventType "swiss"]
[EventRounds "9"]
[EventCountry "CZE"]

1. e4 c5 {[%emt 0:00:36]} 2. Nf3 {[%emt 0:00:11]} Nc6 {[%emt 0:02:20]} 3. d4 {[%emt 0:00:07]} cxd4 {[%emt 0:00:09]} 4. Nxd4 {[%emt 0:00:07]} a6 {[%emt 0:00:04]} 5. c4 {[%emt 0:12:11]} Nf6 {[%emt 0:02:20]} 6. Nc3 {[%emt 0:01:49]} e5 {[%emt 0:03:59]} 7. Nf5 {[%emt 0:00:35]} d6 {[%emt 0:03:36]} 8. Bg5 {[%emt 0:04:32]} Bxf5 {[%emt 0:01:36]} 9. exf5 {[%emt 0:00:07]} Be7 {[%emt 0:01:15]} 10. Bd3 {[%emt 0:00:21]} Nd4 {[%emt 0:05:59]} 11. O-O {[%emt 0:02:30]} O-O {[%emt 0:03:42]} 12. f4 {[%emt 0:05:18]} b5 {[%emt 0:00:57]} 13. cxb5 {[%emt 0:09:54]} axb5 {[%emt 0:02:06]} 14. Kh1 {[%emt 0:00:23]} b4 {[%emt 0:10:39]} 15. Ne2 {[%emt 0:02:01]} Qb6 {[%emt 0:05:34]} 16. Ng3 {[%emt 0:04:52]} b3 {[%emt 0:05:39]} 17. a3 {[%emt 0:04:05]} Rac8 {[%emt 0:00:41]} 18. Rc1 {[%emt 0:12:28]} Kh8 {[%emt 0:03:53]} 19. Qd2 {[%emt 0:10:15]} Qb7 {[%emt 0:05:33]} 20. fxe5 {[%emt 0:09:09]} dxe5 {[%emt 0:00:11]} 21. Ne2 {[%emt 0:00:55]} Rfd8 {[%emt 0:12:09]} 22. Rxc8 {[%emt 0:01:13]} Qxc8 {[%emt 0:00:30]} 23. Nxd4 {[%emt 0:07:40]} Rxd4 {[%emt 0:01:09]} 24. Qe2 {[%emt 0:00:08]} e4 {[%emt 0:08:35]} 25. Ba6 {[%emt 0:03:20]} Qc2 {[%emt 0:17:42]} 26. Rc1 {[%emt 0:01:25]} Qxe2 {[%emt 0:00:06]} 27. Bxe2 {[%emt 0:00:05]} h6 {[%emt 0:03:51]} 28. Be3 {[%emt 0:00:44]} Rd8 {[%emt 0:00:33]} 29. Rc3 {[%emt 0:12:59]} Rb8 {[%emt 0:01:22]} 30. Bf4 {[%emt 0:06:37]} Rb7 {[%emt 0:03:05]} 31. Bc4 {[%emt 0:10:22]} Bxa3 {[%emt 0:02:39]} 32. bxa3 {[%emt 0:00:36]} b2 {[%emt 0:00:55]} 33. Ba2 {[%emt 0:00:02]} Kh7 {[%emt 0:08:11]} 34. g3 {[%emt 0:03:54]} Nd5 {[%emt 0:03:36]} 35. Rc4 {[%emt 0:00:23]} b1=Q+ {[%emt 0:01:37]} 36. Bxb1 {[%emt 0:00:03]} Rxb1+ {[%emt 0:00:07]} 37. Rc1 {[%emt 0:01:29]} Rb5 {[%emt 0:01:40]} 38. Bd6 {[%emt 0:03:13]} e3 {[%emt 0:01:59]} 39. Re1 {[%emt 0:03:03]} Rb2 {[%emt 0:01:30]} 40. Bc5 {[%emt 0:00:04]} Ra2 {[%emt 0:03:44]} 1/2-1/2

[Event "31st Klatovy A 2025"]
[Site "Klatovy CZE"]
[Date "2025.07.04"]
[Round "7.3"]
[White "Horak, Martin"]
[Black "Pecka, Jan"]
[Result "1-0"]
[WhiteElo "2324"]
[BlackElo "2140"]
[PlyCount "35"]
[EventDate "2025.06.28"]
[EventType "swiss"]
[EventRounds "9"]
[EventCountry "CZE"]

1. Nf3 {[%emt 0:05:56]} Nf6 {[%emt 0:00:41]} 2. g3 {[%emt 0:00:13]} b6 {[%emt 0:00:22]} 3. Bg2 {[%emt 0:00:18]} Bb7 {[%emt 0:00:11]} 4. O-O {[%emt 0:00:18]} e6 {[%emt 0:00:52]} 5. d3 {[%emt 0:00:37]} d5 {[%emt 0:06:23]} 6. Nbd2 {[%emt 0:00:27]} Be7 {[%emt 0:00:12]} 7. e4 {[%emt 0:01:16]} dxe4 {[%emt 0:03:06]} 8. dxe4 {[%emt 0:01:12]} Nxe4 {[%emt 0:11:11]} 9. Ne5 {[%emt 0:05:54]} Nd6 {[%emt 0:08:12]} 10. Bxb7 {[%emt 0:00:20]} Nxb7 {[%emt 0:00:04]} 11. Qf3 {[%emt 0:00:25]} Qd5 {[%emt 0:00:05]} 12. Qxf7+ {[%emt 0:00:27]} Kd8 {[%emt 0:00:04]} 13. Qxg7 {[%emt 0:01:23]} Rf8 {[%emt 0:00:07]} 14. c4 {[%emt 0:00:40]} Qc5 {[%emt 0:00:58]} 15. Nb3 {[%emt 0:01:47]} Qb4 {[%emt 0:00:22]} 16. Rd1+ {[%emt 0:02:15]} Kc8 {[%emt 0:00:05]} 17. Bd2 {[%emt 0:00:56]} Qd6 {[%emt 0:00:21]} 18. Bg5 {[%emt 0:00:26]} 1-0

[Event "31st Klatovy A 2025"]
[Site "Klatovy CZE"]
[Date "2025.07.04"]
[Round "7.4"]
[White "Svadlenka, Dominik"]
[Black "Vitak, Jiri"]
[Result "1/2-1/2"]
[WhiteElo "2086"]
[BlackElo "2308"]
[PlyCount "124"]
[EventDate "2025.06.28"]
[EventType "swiss"]
[EventRounds "9"]
[EventCountry "CZE"]

1. d4 {[%emt 0:00:02]} d5 {[%emt 0:00:07]} 2. c4 {[%emt 0:00:04]} c6 {[%emt 0:00:03]} 3. Nf3 {[%emt 0:00:04]} Nf6 {[%emt 0:00:06]} 4. Nc3 {[%emt 0:00:05]} dxc4 {[%emt 0:00:14]} 5. a4 {[%emt 0:00:07]} e6 {[%emt 0:00:13]} 6. e3 {[%emt 0:02:49]} c5 {[%emt 0:00:27]} 7. Bxc4 {[%emt 0:01:44]} Nc6 {[%emt 0:00:34]} 8. O-O {[%emt 0:01:09]} cxd4 {[%emt 0:00:10]} 9. exd4 {[%emt 0:00:24]} Be7 {[%emt 0:00:06]} 10. Qe2 {[%emt 0:11:46]} O-O {[%emt 0:04:59]} 11. Rd1 {[%emt 0:00:33]} Bd7 {[%emt 0:21:12]} 12. Ne5 {[%emt 0:18:34]} Rc8 {[%emt 0:10:54]} 13. Bf4 {[%emt 0:08:11]} Na5 {[%emt 0:12:24]} 14. Ba2 {[%emt 0:04:23]} Bc6 {[%emt 0:13:05]} 15. Nxf7 {[%emt 0:21:14]} Rxf7 {[%emt 0:00:04]} 16. Bxe6 {[%emt 0:00:06]} Bd7 {[%emt 0:01:58]} 17. d5 {[%emt 0:02:12]} Qe8 {[%emt 0:02:37]} 18. Nb5 {[%emt 0:21:02]} Bxe6 {[%emt 0:03:41]} 19. dxe6 {[%emt 0:00:20]} Rf8 {[%emt 0:00:14]} 20. Nd6 {[%emt 0:01:07]} Bxd6 {[%emt 0:09:02]} 21. Bxd6 {[%emt 0:00:10]} Nc6 {[%emt 0:00:22]} 22. Rac1 {[%emt 0:04:47]} Nd4 {[%emt 0:10:00]} 23. Qe5 {[%emt 0:15:54]} Rxc1 {[%emt 0:11:43]} 24. Rxc1 {[%emt 0:00:18]} Qxe6 {[%emt 0:00:25]} 25. Qxe6+ {[%emt 0:01:18]} Nxe6 {[%emt 0:00:04]} 26. Bxf8 {[%emt 0:00:05]} Kxf8 {[%emt 0:00:04]} 27. f3 {[%emt 0:01:05]} Ke7 {[%emt 0:00:29]} 28. Kf2 {[%emt 0:00:21]} Kd6 {[%emt 0:00:07]} 29. Ke3 {[%emt 0:05:43]} Nd5+ {[%emt 0:00:48]} 30. Kd2 {[%emt 0:00:07]} a5 {[%emt 0:02:10]} 31. g3 {[%emt 0:01:09]} Nd4 {[%emt 0:00:56]} 32. Kd3 {[%emt 0:03:13]} Nxf3 {[%emt 0:00:35]} 33. Ke4 {[%emt 0:00:39]} Ng5+ {[%emt 0:00:56]} 34. Kd4 {[%emt 0:01:28]} Nb6 {[%emt 0:01:19]} 35. b3 {[%emt 0:00:32]} h6 {[%emt 0:01:30]} 36. h4 {[%emt 0:00:58]} Ne6+ {[%emt 0:00:28]} 37. Kc3 {[%emt 0:00:20]} Nc5 {[%emt 0:02:12]} 38. Rd1+ {[%emt 0:00:05]} Kc6 {[%emt 0:00:12]} 39. Re1 {[%emt 0:00:57]} Kd6 {[%emt 0:03:26]} 40. Rd1+ {[%emt 0:00:06]} Ke5 {[%emt 0:00:51]} 41. Re1+ {[%emt 0:01:47]} Kf5 {[%emt 0:00:43]} 42. Rf1+ {[%emt 0:01:00]} Kg4 {[%emt 0:01:49]} 43. Rf7 {[%emt 0:00:05]} g6 {[%emt 0:01:01]} 44. Rg7 {[%emt 0:00:40]} g5 {[%emt 0:00:14]} 45. Rh7 {[%emt 0:00:24]} gxh4 {[%emt 0:16:58]} 46. gxh4 {[%emt 0:00:06]} h5 {[%emt 0:00:09]} 47. Rh6 {[%emt 0:01:01]} Nbd7 {[%emt 0:00:19]} 48. Kc4 {[%emt 0:02:03]} Kxh4 {[%emt 0:00:30]} 49. Rh7 {[%emt 0:00:17]} Kg4 {[%emt 0:00:27]} 50. Kb5 {[%emt 0:00:58]} h4 {[%emt 0:00:32]} 51. Kxa5 {[%emt 0:00:21]} Nxb3+ {[%emt 0:00:07]} 52. Kb5 {[%emt 0:00:22]} Nbc5 {[%emt 0:00:12]} 53. a5 {[%emt 0:00:33]} h3 {[%emt 0:00:11]} 54. Rg7+ {[%emt 0:00:15]} Kf3 {[%emt 0:00:29]} 55. Rf7+ {[%emt 0:00:07]} Kg2 {[%emt 0:00:13]} 56. Rg7+ {[%emt 0:00:05]} Kh1 {[%emt 0:00:19]} 57. Rh7 {[%emt 0:00:14]} Kh2 {[%emt 0:00:53]} 58. Rg7 {[%emt 0:00:07]} Nf8 {[%emt 0:02:09]} 59. Rg8 {[%emt 0:00:59]} Nfe6 {[%emt 0:00:18]} 60. Kb6 {[%emt 0:00:26]} Kh1 {[%emt 0:00:29]} 61. Rg4 {[%emt 0:00:18]} Kh2 {[%emt 0:01:17]} 62. Rg8 {[%emt 0:00:05]} Kh1 {[%emt 0:00:29]} 1/2-1/2